000 01309nam a2200337 i 4500
003 EG-GICUC
005 20260121101538.0
008 251225s2016 ua ||||fr||| 0||| ||ara|d
017 _a2015795
020 _a9789777292108
040 _a EG-GICUC
_bara
_c EG-GICUC
_d EG-GICUC
_erda
041 0 _aara
082 0 4 _221
_a345.249
_bأ ح . ر
092 0 4 _221
099 _aLaw1 07 345.249 أ ح . ر 2016
100 0 _aأحمد دلاور احمد
_eمؤلف.
245 1 2 _aالرقابة الادارية والمالية على الادارة :
_bدراسة مقارنة /
_cأحمد دلاور احمد.
264 1 _aالاسكندرية :
_bدار الجامعة الجديدة،
_c2016.
300 _a285 صفحة ؛
_c24 سم.
336 _2rda content
_atext
337 _2rda media
_aComputer
338 _2rda carrier
_aOnline Resource
504 _aيحتوي على ارجاعات ببليوجرافية يحتوي على قائمة بالمراجع
546 _aالنص باللغة العربية
650 1 4 _aالرقابة الإدارية
_xالقانون الاداري
_2qrmak
650 1 4 _aالرقابة الادارية والمالية
651 1 _2qrmak
856 4 0 _uhttps://fll.law.cu.edu.eg/fulltext/bks/B07-01856.pdf
905 _a75
942 _2ddc
_cBK
_e21
_n0
999 _c52517
_d52517